| 000 | 00769nam a2200229 i 4500 | ||
|---|---|---|---|
| 001 | 138689 | ||
| 003 | ES-MaACL | ||
| 005 | 20230906195620.0 | ||
| 007 | t| | ||
| 008 | 070214s1965 mx |||| |dspa d | ||
| 100 | 1 |
_aCruz, Francisco Santiago. _9103396 |
|
| 245 | 1 | 3 |
_aEl virrey Iturrigaray _b: historia de una conspiración / _cFrancisco Santiago Cruz. |
| 250 | _a1ª ed. | ||
| 260 |
_aMéxico : _bJus, _c1965. |
||
| 300 |
_a187 p. : _bil. ; _c24 cm. |
||
| 490 | 1 |
_aMéxico heróico ; _v48 |
|
| 600 | 1 | 4 |
_aIturrigaray y Arostegui, José de _cVirrey de Méjico ( _d1742-1815) _9158455 |
| 651 | 4 |
_aMéxico- _xHistoria- _y1521-1821, Época colonial. _9158070 |
|
| 830 | 0 |
_aMéxico heróico ; _v48 _9181313 |
|
| 852 |
_aES-MaACL _jE-9432 |
||
| 999 |
_c138689 _d138689 |
||